Principles of power electronics
Uloženo v:
| Hlavní autoři: | , , |
|---|---|
| Médium: | Kniha |
| Jazyk: | angličtina |
| Vydáno: |
Reading
Addison-Wesley
1992
|
| Edice: | Addison Wesley Series in Electrical Engineering
|
| Témata: | |
| Tagy: |
Přidat tag
Žádné tagy, Buďte první, kdo vytvoří štítek k tomuto záznamu!
|
MARC
| LEADER | 00000nam a2200000 a 4500 | ||
|---|---|---|---|
| 001 | UCU4977 | ||
| 003 | CL-VaPUC | ||
| 008 | 960531e19920000US |||||||||||||||||eng|d | ||
| 082 | 0 | 4 | |a 621.317 |b KAS |2 21 |
| 100 | 0 | |a Kassakin, John G |e author |9 362810 | |
| 700 | 0 | |a Schlecht, Martin F |e author |9 362811 | |
| 700 | 0 | |a Verghese, George C |e author |9 362812 | |
| 245 | 1 | 0 | |a Principles of power electronics |
| 300 | |a 738 p | ||
| 942 | |c BK | ||
| 945 | |d 19960531 00:00:00 |a rleighto | ||
| 260 | |a Reading |b Addison-Wesley |c 1992 | ||
| 650 | 7 | |a FUERZA ELECTRICA |2 CL-VaPUC |9 353640 | |
| 650 | 0 | |a Semiconductores |9 260250 | |
| 650 | 0 | |a Diodos |9 260678 | |
| 650 | 0 | |a Transistores |9 260330 | |
| 650 | 7 | |a TIRISTORES |2 CL-VaPUC |9 362813 | |
| 650 | 0 | |a Transformadores |9 345471 | |
| 650 | 0 | |a Convertidores |9 348439 | |
| 650 | 0 | |a Dinámica |9 260136 | |
| 583 | |a last modification |c 19960531 00:00:00 |k Rodrigo Vera | ||
| 490 | 0 | |a Addison Wesley Series in Electrical Engineering | |
| 999 | |c 248499 |d 248497 | ||